000
00284nam a22001217a 4500
008
181106b xxu||||| |||| 00| 0 eng d
041
_a
eng
080
_a
370
100
_a
48
101
_a
EDU
245
_a
Vocabu=lit Reading Your Way To Word Power
_c
James.L
942
_2
udc
_c
BK
999
_c
51985
_d
51985